000 00722nam a2200217Ia 4500
001 16623
003 GE_BSU
008 181216s||||||||xx |||||||||||||| ||und||
040 _cGE_BSU
080 _a821.353.1-31
100 _aლორთქიფანიძე, კ. (კონსტანტინე, 1905-1986)
245 _aნატვრის თვალი
245 _cრედ.ლ.კალანდაძე. მხ.დ. ნოდია
260 _aთბილისი
260 _bსაბჭ. საქართველო
260 _c1958
300 _a114 გვ. : ილ. ; 20 სმ
653 _aნატვრის თვალი
653 _aრომანი
942 _cBK
999 _c49690
_d49690